Statystyki dla YUNGBLUD - Wszystkie piosenki

Kliknij tutaj aby rozwiązać quiz!

Ogólne statystyki

  • Ten quiz został rozwiązany 17 razy
  • Średni wynik to 12 z 45

Statystyki odpowiedzi

Tytuł piosenki% Poprawnych
parents
91%
California
82%
Anarchist
64%
Medication
64%
Kill Somebody
55%
acting like that
45%
cotton candy
45%
Doctor Doctor
45%
Loner
45%
Psychotic Kids
45%
braindead
36%
Machine Gun
36%
strawberry lipstick
36%
waiting on the weekend
36%
weird!
36%
11 Minutes
27%
casual sabotage
27%
god save me, but don't drown me out
27%
ice cream man
27%
I Think I'm Okay
27%
King Charles
27%
Lemonade
27%
teresa
27%
body bag
18%
charity
18%
Die A Little
18%
I Love You, Will You Mary Me
18%
love song
18%
mars
18%
Patience
18%
Polygraph Eyes
18%
21st Century Liability
9%
Die For The Hype
9%
Eulogy
9%
hope for the underrated youth
9%
Like A Virgin
9%
Obey
9%
original me
9%
superdeadfriends
9%
the freak show
9%
Time In A Bottle
9%
Falling Skies
0%
flaebag
0%
it's quiet im beverly hills
0%
Tongue Tried
0%

Rozkład punktacji

Percentyl według liczby udzielonych odpowiedzi

Procent ludzi z każdym wynikiem

Twoja historia wyników

Nie rozwiązałeś tego quizu